| Tag |
First Indicator |
Second Indicator |
Subfields |
| LEADER |
00000cam a2200000 a 4500 |
| 001 |
in00004487608 |
| 005 |
20191203081248.0 |
| 008 |
960328s1996 laua b 000 0 eng d |
| 035 |
|
|
|a (OCoLC)34483018
|
| 035 |
|
|
|9 AAG8267MS
|
| 035 |
|
|
|z (UtOrBLW)22171
|
| 035 |
|
|
|a 35316
|
| 040 |
|
|
|a OKH
|c OKH
|d UtOrBLW
|
| 049 |
|
|
|a TMVM
|c 1
|
| 096 |
|
|
|a WL 103
|b H438e 1996
|
| 100 |
1 |
|
|a Heath, Robert G.
|q (Robert Galbraith),
|d 1915-
|
| 245 |
1 |
0 |
|a Exploring the mind-brain relationship /
|c Robert G. Heath.
|
| 264 |
|
1 |
|a Baton Rouge, LA :
|b Moran Printing, Inc.,
|c 1996.
|
| 300 |
|
|
|a 181 pages :
|b illustrations ;
|c 23 cm.
|
| 336 |
|
|
|a text
|2 rdacontent
|b txt
|
| 337 |
|
|
|a unmediated
|2 rdamedia
|
| 338 |
|
|
|a volume
|2 rdacarrier
|b nc
|
| 504 |
|
|
|a Includes bibliographical references (pages [159]-178).
|
| 650 |
|
2 |
|a Brain
|x physiology.
|
| 650 |
|
2 |
|a Psychophysiology.
|
| 650 |
|
2 |
|a Schizophrenia.
|
| 650 |
|
2 |
|a Epilepsy.
|
| 650 |
|
2 |
|a Behavior.
|
| 999 |
|
|
|a MARS
|
| 999 |
f |
f |
|s 660fdeed-999e-3dce-af29-0e814070b281
|i cba72e48-c54d-34b8-892c-d4686148ec61
|t 0
|
| 952 |
f |
f |
|p ric
|a Texas A&M University
|b Rellis Campus
|c Joint Library Facility
|d Remote Storage
|t 0
|e WL 103 H438e 1996
|h National Library of Medicine classification
|i unmediated -- volume
|m 3238901205921
|
| 998 |
f |
f |
|a WL 103 H438e 1996
|t 0
|l Remote Storage
|